Normal view
MARC view
- Homero
Entry Nombre Personal
001 - NUMERO DE CONTROL
- campo de control: 28765
003 - IDENTIFICADOR DE NUMERO DE CONTROL
- campo de control: UPN
005 - FECHA Y HORA DE LA ÜLTIMA TRANSACCIÓN
- campo de control: 20230523130249.0
008 - DATOS DE LONGITUD FIJA
- campo de control de longitud fija: 230523n||acnnnaabn a ana |d
035 ## - NUMERO DE CONTROL
- Número de control: UPN11000000871
040 ## - FUENTE DE CATALOGACIÓN
- Agencia original de catalogación: UPN
- Lenguaje de catalogación: spa
- Agencia de transcripción: UPN
100 0# - ENCABEZAMIENTO - NOMBRE PERSONAL
- Nombre personal: Homero
670 ## - FUENTE EN LA QUE SE LOCALIZARON DATOS
- Cita de la fuente: La odisea, 1921:
- Información localizada: portada (Homero)
680 ## - NOTA PUBLICA DE ACCESO PÚBLICO
- Frase explicativa de la referencia: Poeta griego
902 ## - CATALOGADOR
- Catalogador: DAA/090108
